书目信息 |
| 题名: |
《资本论》介绍
|
|
| 作者: | 王珏 编著 | |
| 分册: | 第一卷 | |
| 出版信息: | 北京 中共中央党校出版社 1982 |
|
| 页数: | 404页 | |
| 开本: | 21cm | |
| 丛书名: | ||
| 单 册: | ||
| 中图分类: | A811.23 , A81 | |
| 科图分类: | ||
| 主题词: | 马克思著作研究-资本论 , 马克思主义政治经济学--研究 | |
| 电子资源: | ||
| ISBN: | ||
| 000 | 00705nam0 2200265 45 | |
| 001 | 1258209891 | |
| 005 | 20090929162504.01 | |
| 010 | @dCNY1.35 | |
| 091 | @aCN@b4230.79(1) | |
| 100 | @a19950524d1982 emay0chiy0121 ea | |
| 101 | 0 | @achi |
| 102 | @aCN@b110000 | |
| 105 | @ay z 000yy | |
| 200 | 12 | @a《资本论》介绍@A《 zi ben lun》 jie shao@h第一卷@f王珏等编著 |
| 210 | @a北京@c中共中央党校出版社@d1982 | |
| 215 | @a404页@d21cm | |
| 605 | @a资本论-马克思著作研究 | |
| 606 | 0 | @a马克思著作研究-资本论 |
| 606 | 0 | @a马克思主义政治经济学@x研究 |
| 690 | @aA811.23@v3 | |
| 690 | @aA81@v4 | |
| 701 | 0 | @a王珏@Awang jue@4编著 |
| 801 | 0 | @aCN@bTSSF |
| 801 | 2 | @aCN@bNLC |
| 905 | @a10447@dA81@eJY9:1 | |
| 《资本论》介绍.第一卷/王珏等编著.-北京:中共中央党校出版社,1982 |
| 404页;21cm |
| ISBN :CNY1.35 |
| ● |
| 相关链接 |
|
|
|
|
正题名:《资本论》介绍
索取号:A81/JY9:1
 
预约/预借
| 序号 | 登录号 | 条形码 | 馆藏地/架位号 | 状态 | 备注 |
| 1 | 7809456 | 278094562 | 学院路分馆/ [索取号:A81/JY9:1] | 在馆 |